000 00301nam a22001337a 4500
008 180315b xxu||||| |||| 00| 0 eng d
020 _a9780073127507
041 _aeng
080 _28th
_a78
100 _a45
101 _aMUZ
245 _aMusic in theory and practice
_cBenward,B
942 _2udc
_cBK
999 _c45105
_d45105